000 02129cam a2200589 i 4500
001 28528
003 KOSZ 005
005 20250812063401.0
008 250722s1988 pl f 001 0 pol
015 _aUWD 1988/7484
020 _a8301078359
035 _a991003202769705066
035 _a(PL-WaBN)b10861865-48omnis_nlop
035 _ab10861865
035 _a(OCoLC)834978695
035 _azz2003827318
035 _a(PL)b0000001086186
035 _a(EXLNZ-48OMNIS_NETWORK)9910037096305606
040 _aWA N
_cWA N
_dKOSZ 005/RW
041 1 _apol
_hrus
046 _k1978
080 _a517.9
080 _a(07)
245 0 0 _aMetody rozwiązywania równań siatkowych /
_cA. A. Samarski, J. S. Nikołajew ; tłumaczył Przemysław Ignatowicz.
246 1 _iTytuł oryginału:
_aMetody rešenija setočnych uravnenij,
_f1978
250 _aWydanie I.
260 _aWarszawa :
_bPaństwowe Wydawnictwo Naukowe,
_c1988.
300 _a592 strony ;
_c25 cm.
336 _aTekst
_btxt
_2rdacontent
337 _aBez urządzenia pośredniczącego
_bn
_2rdamedia
338 _aWolumin
_bnc
_2rdacarrier
380 _aKsiążki
380 _aPublikacje dydaktyczne
380 _aPublikacje naukowe
385 _mPoziom nauczania
_aSzkoły wyższe
388 1 _a1901-2000
388 1 _a1945-1989
504 _aBibliografia na stronie [590]. Indeks.
521 8 _aKsiążka jest przeznaczona dla matematyków i fizyków oraz dla inżynierów stosujących metody matematyczne.
650 7 _aRównania różnicowe
_2DBN
650 7 _aTeoria operatorów
_2DBN
650 7 _aZastosowanie i wykorzystanie
_2DBN
655 7 _aPodręcznik
658 _aMatematyka
700 1 _aIgnatowicz, Przemysław
_eTłumaczenie
700 1 _aNikolaev, Evgenij Sergeevič
_d(1944- )
_eAutor
700 1 _aSamarskij, Aleksandr Andreevič
_eAutor
710 2 _aPaństwowe Wydawnictwo Naukowe
_4pbl
856 _uhttps://koha.tu.koszalin.pl/cgi-bin/koha/opac-detail.pl?biblionumber=28528
_yKatalog online BPK
942 _2UKD
_cKS
999 _c28528
_d28528